[Event "Solingen-ch"]
[Site "Solingen"]
[Date "2009.09.15"]
[Round "6"]
[White "Passon, Andreas"]
[Black "Mueller, Ernst"]
[Result "1-0"]
[WhiteElo "1600"]
[BlackElo "1576"]
[PlyCount "111"]
[EventDate "2009.09.15"]
[EventType "swiss"]
[EventRounds "7"]
[EventCountry "GER"]
[SourceTitle "EXT 2011"]
[Source "ChessBase"]
[SourceDate "2010.11.26"]
[SourceVersion "1"]
[SourceVersionDate "2010.11.26"]
[SourceQuality "1"]

1. d4 Nc6 2. c4 e6 3. Nf3 d5 4. Nc3 Nf6 5. e3 Bb4 6. Bd2 a6 7. Qc2 0-0 8. Bd3 Re8 9. 0-0 Be7 10. a3 dxc4 11. Bxc4 Bf8 12. h3 b5 13. Bd3 Bb7 14. Ne4 Nd5 15. Nc5 Bxc5 16. dxc5 Nf6 17. Bc3 e5 18. Rfd1 Qe7 19. Ng5 h6 20. Ne4 Nd7 21. b4 Rad8 22. Ng3 Qg5 23. Ne4 Qh4 24. Ng3 Qe7 25. Nh5 Qg5 26. Ng3 g6 27. Qb3 Kg7 28. Be4 f5 29. Bf3 Qe7 30. Rd2 Kh7 31. Rad1 e4 32. Be2 Nf6 33. Qb2 Rxd2 34. Rxd2 Ne5 35. Bxe5 Qxe5 36. Qxe5 Rxe5 37. Bd1 Bd5 38. Ne2 Bc4 39. Nc3 Bd3 40. Bb3 c6 41. f4 Re7 42. Nd1 Rd7 43. Nb2 Nd5 44. Bxd5 Rxd5 45. Nxd3 Rxd3 46. Rxd3 exd3 47. Kf2 Kg7 48. Ke1 Kf6 49. Kd2 Ke6 50. Kxd3 Kd5 51. g4 Ke6 52. e4 fxe4+ 53. Kxe4 Kf6 54. h4 h5 55. gxh5 gxh5 56. f5 1-0